[Event "JUNIOR WORLD CHESS CHAMPIONSHI"]
[Site "Puerto Madryn, Argentina"]
[Date "2009.10.29"]
[Round "8.16"]
[White "Anu, Bayar"]
[Black "Harini, Sankaran"]
[Result "1/2-1/2"]
[WhiteElo "1876"]
[BlackElo "2109"]
[PlyCount "106"]
[EventDate "2009.10.22"]

1. d4 Nf6 2. c4 e6 3. Nf3 b6 4. g3 Bb7 5. Bg2 Be7 6. O-O O-O 7. d5 exd5 8. Nh4
Ne4 9. cxd5 Nd6 10. Nf3 f5 11. Bf4 Na6 12. Nc3 Nc5 13. Nd2 a5 14. Bxd6 Bxd6 15.
Nc4 Ba6 16. Nxd6 cxd6 17. Re1 Qf6 18. Na4 f4 19. Bf3 Rae8 20. g4 Qh4 21. Nxc5
dxc5 22. d6 Bc4 23. Bd5+ Bxd5 24. Qxd5+ Kh8 25. Qf3 Rf6 26. Kh1 Rh6 27. Qxf4 g5
28. Qg3 Qxg3 29. fxg3 Rxd6 30. b3 Rde6 31. Red1 Rxe2 32. Rxd7 Rb2 33. Rb7 Ree2
34. Rd1 Rxh2+ 35. Kg1 Rhg2+ 36. Kh1 Rgd2 37. Rxd2 Rxd2 38. Rxb6 Rxa2 39. Rb5 a4
40. bxa4 c4 41. Rc5 Rxa4 42. Rxg5 Ra2 43. Rc5 Rc2 44. Rc7 c3 45. Kg1 h6 46. Kf1
Kg8 47. Ke1 Kf8 48. Kd1 Rd2+ 49. Kc1 Rd3 50. Rh7 Rd6 51. Rc7 Rd3 52. Rh7 Rxg3
53. Rxh6 Rxg4 1/2-1/2

[Event "JUNIOR WORLD CHESS CHAMPIONSHI"]
[Site "Puerto Madryn, Argentina"]
[Date "2009.10.29"]
[Round "8.17"]
[White "Ferreira, Susana Carolina G"]
[Black "Greeff, Melissa"]
[Result "0-1"]
[WhiteElo "1660"]
[BlackElo "2081"]
[PlyCount "40"]
[EventDate "2009.10.22"]

1. d4 d5 2. c4 c6 3. Nf3 Nf6 4. e3 Bg4 5. Qb3 Qc7 6. Nbd2 Nbd7 7. cxd5 cxd5 8.
Bd3 e6 9. O-O Bd6 10. h3 Bh5 11. Re1 O-O 12. Nf1 Bxf3 13. gxf3 e5 14. dxe5 Nxe5
15. Be2 Qd7 16. Kg2 Ng6 17. Ng3 a6 18. Bd2 Rad8 19. Bc3 Qe6 20. Nf5 Qxf5 0-1

[Event "JUNIOR WORLD CHESS CHAMPIONSHI"]
[Site "Puerto Madryn, Argentina"]
[Date "2009.10.30"]
[Round "9.1"]
[White "Soumya, Swaminathan"]
[Black "Zhang, Xiaowen"]
[Result "1-0"]
[WhiteElo "2297"]
[BlackElo "2391"]
[PlyCount "82"]
[EventDate "2009.10.22"]

1. e4 e6 2. d4 d5 3. e5 c5 4. c3 Nc6 5. Nf3 Bd7 6. Be2 Nge7 7. O-O Ng6 8. g3
cxd4 9. cxd4 Be7 10. h4 O-O 11. h5 Nh8 12. h6 g6 13. Nc3 f6 14. exf6 Bxf6 15.
Bf4 Nf7 16. Qd2 a6 17. Kh2 b5 18. Rac1 Qb6 19. Rfd1 Rab8 20. b4 Rbc8 21. a4 Ne7
22. axb5 axb5 23. g4 Bh8 24. Qe3 Rce8 25. Ra1 Nc6 26. Bxb5 e5 27. dxe5 d4 28.
Rxd4 Bxg4 29. Re4 Bxf3 30. Qxf3 Ncxe5 31. Qe2 Rc8 32. Ra6 Qb7 33. Na4 Nd6 34.
Rxd6 Rxf4 35. Qa2+ Kf8 36. Bc6 Qf7 37. Qxf7+ Rxf7 38. Bd5 Rf5 39. Nc5 Nf7 40.
Nd7+ Kg8 41. Rde6 Rg5 1-0

[Event "JUNIOR WORLD CHESS CHAMPIONSHI"]
[Site "Puerto Madryn, Argentina"]
[Date "2009.10.30"]
[Round "9.2"]
[White "Tjolsen, Katrine"]
[Black "Paulet, Iozefina"]
[Result "0-1"]
[WhiteElo "2178"]
[BlackElo "2342"]
[PlyCount "74"]
[EventDate "2009.10.22"]

1. Nf3 Nf6 2. c4 e6 3. Nc3 b6 4. g3 Bb7 5. Bg2 c5 6. O-O Be7 7. Re1 d6 8. e4 a6
9. d4 cxd4 10. Nxd4 Qc7 11. Be3 Nbd7 12. f4 Rc8 13. Rc1 O-O 14. Bf2 h5 15. h3
g6 16. e5 dxe5 17. fxe5 Nh7 18. Ncb5 axb5 19. Nxb5 Qb8 20. Qxd7 Bxg2 21. Kxg2
Qa8+ 22. Kg1 Bb4 23. Nd6 Ng5 24. Qb7 Qxb7 25. Nxb7 Nxh3+ 26. Kg2 Nxf2 27. Kxf2
Bxe1+ 28. Kxe1 Rc7 29. Nd6 Rc5 30. Kd2 Rxe5 31. Kc3 Rd8 32. Rd1 Kf8 33. Kb4 Re2
34. Kb5 Rxb2+ 35. Kc6 Ke7 36. a4 Rc2 37. a5 Rxd6+ 0-1

[Event "JUNIOR WORLD CHESS CHAMPIONSHI"]
[Site "Puerto Madryn, Argentina"]
[Date "2009.10.30"]
[Round "9.3"]
[White "Severiukhina, Zoja"]
[Black "Hayrapetyan, Anna"]
[Result "1-0"]
[WhiteElo "2339"]
[BlackElo "2212"]
[PlyCount "57"]
[EventDate "2009.10.22"]

1. e4 c5 2. Nf3 d6 3. d4 cxd4 4. Nxd4 Nf6 5. Nc3 g6 6. Be3 Bg7 7. f3 O-O 8. Qd2
Nc6 9. Bc4 Bd7 10. O-O-O Rc8 11. Bb3 Ne5 12. h4 h5 13. Bg5 Rc5 14. Kb1 a5 15.
a4 Nc4 16. Qe2 Nb6 17. Ndb5 Qc8 18. Be3 Bxb5 19. Nxb5 Nfd7 20. g4 Rc4 21. gxh5
Rb4 22. hxg6 Nxa4 23. gxf7+ Rxf7 24. Rhg1 Kf8 25. Rxg7 Rxg7 26. Bh6 Qc5 27.
Bxg7+ Kxg7 28. Qg2+ Kf6 29. Rg1 1-0

[Event "JUNIOR WORLD CHESS CHAMPIONSHI"]
[Site "Puerto Madryn, Argentina"]
[Date "2009.10.30"]
[Round "9.4"]
[White "Cori Tello, Deysi"]
[Black "Padmini, Rout"]
[Result "1-0"]
[WhiteElo "2361"]
[BlackElo "2331"]
[PlyCount "85"]
[EventDate "2009.10.22"]

1. d4 Nf6 2. c4 c5 3. d5 b5 4. cxb5 a6 5. b6 d6 6. Nc3 Nbd7 7. a4 a5 8. e4 g6
9. Nf3 Bg7 10. Bb5 O-O 11. O-O Qxb6 12. Nd2 Ba6 13. Qe2 Rfb8 14. Nc4 Qc7 15.
Bd2 Ne8 16. Bxa6 Rxa6 17. Nb5 Qd8 18. Qe1 Rba8 19. f4 e6 20. Rd1 exd5 21. exd5
Ndf6 22. b3 Nc7 23. f5 Ncxd5 24. Bg5 Qd7 25. Bxf6 Nxf6 26. Ncxd6 Rd8 27. Qe2
Raa8 28. Qf3 Qe7 29. Rde1 Qf8 30. fxg6 hxg6 31. Qc6 Rab8 32. Rf3 Rxb5 33. Nxb5
Ng4 34. Qe4 Ne5 35. Rff1 f5 36. Qh4 Bf6 37. Qf4 Nd3 38. Qc4+ Kg7 39. Nc7 Bd4+
40. Kh1 Nf2+ 41. Rxf2 Bxf2 42. Ne6+ Kh8 43. Nxf8 1-0

[Event "JUNIOR WORLD CHESS CHAMPIONSHI"]
[Site "Puerto Madryn, Argentina"]
[Date "2009.10.30"]
[Round "9.5"]
[White "Mikadze, Miranda"]
[Black "Amed, Stephanie"]
[Result "1/2-1/2"]
[WhiteElo "2317"]
[BlackElo "2159"]
[PlyCount "76"]
[EventDate "2009.10.22"]

1. e4 e6 2. d4 d5 3. Nc3 Bb4 4. e5 c5 5. Bd2 Nh6 6. Nb5 Bxd2+ 7. Qxd2 O-O 8.
dxc5 Nd7 9. Nf3 Nxc5 10. Bd3 a6 11. Nbd4 f6 12. O-O Ng4 13. Rae1 fxe5 14. Nxe5
Nf6 15. f3 Qd6 16. Rf2 Bd7 17. c3 Rae8 18. Bc2 Bc8 19. Rfe2 b5 20. b4 Nb7 21.
a4 Qb6 22. Kh1 Nd6 23. Qd3 Nc4 24. axb5 axb5 25. Nb3 Qc7 26. Nc5 Nxe5 27. Rxe5
Ne4 28. Qd4 Nxc5 29. bxc5 Bd7 30. Rh5 h6 31. Qd3 Rf6 32. Rh4 Qxc5 33. Rg4 Rf5
34. Qd2 Rf6 35. Qd3 Rf5 36. Rg6 Qf2 37. Rf1 Qh4 38. g4 Rg5 1/2-1/2

[Event "JUNIOR WORLD CHESS CHAMPIONSHI"]
[Site "Puerto Madryn, Argentina"]
[Date "2009.10.30"]
[Round "9.6"]
[White "Kalinina, Olga"]
[Black "Fuchs, Judith"]
[Result "1/2-1/2"]
[WhiteElo "2229"]
[BlackElo "2207"]
[PlyCount "69"]
[EventDate "2009.10.22"]

1. e4 c6 2. d4 d5 3. Nc3 dxe4 4. Nxe4 Bf5 5. Ng3 Bg6 6. h4 h6 7. Nf3 Nd7 8. h5
Bh7 9. Bd3 Bxd3 10. Qxd3 Qc7 11. Bd2 e6 12. O-O-O Ngf6 13. Ne4 O-O-O 14. g3
Nxe4 15. Qxe4 Nf6 16. Qe2 Rd5 17. Bf4 Bd6 18. Ne5 c5 19. c4 Rxd4 20. Rxd4 cxd4
21. Kb1 Bxe5 22. Bxe5 Qc5 23. Rd1 Rd8 24. f4 d3 25. Rxd3 Rxd3 26. Qxd3 Nxh5 27.
Qh7 Qf8 28. a3 Nf6 29. Qd3 Qc5 30. b4 Qc6 31. Kb2 Qg2+ 32. Kb3 Ne4 33. Bxg7
Nd2+ 34. Kc3 Ne4+ 35. Kb3 1/2-1/2

[Event "JUNIOR WORLD CHESS CHAMPIONSHI"]
[Site "Puerto Madryn, Argentina"]
[Date "2009.10.30"]
[Round "9.9"]
[White "Ivakhinova, Inna"]
[Black "Daulyte, Deimante"]
[Result "1/2-1/2"]
[WhiteElo "2249"]
[BlackElo "2307"]
[PlyCount "51"]
[EventDate "2009.10.22"]

1. d4 Nf6 2. c4 g6 3. Nc3 Bg7 4. e4 d6 5. Nf3 O-O 6. Be2 Na6 7. O-O e5 8. Be3
Ng4 9. Bg5 Qe8 10. c5 f6 11. Bh4 dxc5 12. Bxa6 bxa6 13. dxc5 Be6 14. Qe2 Qc6
15. Rac1 Rab8 16. b3 Rf7 17. Rfd1 Qxc5 18. h3 Nh6 19. Qxa6 Qb6 20. Qa4 g5 21.
Bg3 g4 22. hxg4 Nxg4 23. Nd5 Qb7 24. Qc6 Bxd5 25. Rxd5 Qxc6 26. Rxc6 {ilegible}
1/2-1/2

[Event "JUNIOR WORLD CHESS CHAMPIONSHI"]
[Site "Puerto Madryn, Argentina"]
[Date "2009.10.30"]
[Round "9.10"]
[White "Herrera, Milena"]
[Black "Kiran, Manisha Mohanty"]
[Result "0-1"]
[WhiteElo "2141"]
[BlackElo "2153"]
[PlyCount "84"]
[EventDate "2009.10.22"]

1. e4 c5 2. Nf3 d6 3. d4 cxd4 4. Nxd4 Nf6 5. Nc3 a6 6. Bg5 e6 7. f4 Nc6 8. Nxc6
bxc6 9. e5 h6 10. Bh4 g5 11. fxg5 Nd5 12. Ne4 Qb6 13. Bd3 hxg5 14. Bg3 dxe5 15.
Bxe5 Rh6 16. Qf3 g4 17. Qxg4 f5 18. Nd6+ Bxd6 19. Qg8+ Kd7 20. Bxd6 Qe3+ 21.
Kd1 Bb7 22. Bf8 Rxf8 23. Qxf8 Qg5 24. Qc5 Ne3+ 25. Kd2 Nd5+ 26. Kd1 e5 27. c4
Ne3+ 28. Kd2 Nxc4+ 29. Kc3 Qd2+ 30. Kxc4 Rh4+ 31. Kb3 Qxd3+ 32. Qc3 Qb5+ 33.
Kc2 Rc4 34. Rad1+ Ke6 35. h4 Rxc3+ 36. Kxc3 c5 37. h5 Qb4+ 38. Kd3 Be4+ 39. Ke2
Qc4+ 40. Ke1 Bxg2 41. Rh2 Qf1+ 42. Kd2 Qf4+ 0-1

[Event "JUNIOR WORLD CHESS CHAMPIONSHI"]
[Site "Puerto Madryn, Argentina"]
[Date "2009.10.30"]
[Round "9.11"]
[White "Greeff, Melissa"]
[Black "Paikidze, Nazi"]
[Result "0-1"]
[WhiteElo "2081"]
[BlackElo "2279"]
[PlyCount "96"]
[EventDate "2009.10.22"]

1. e4 c5 2. Nf3 d6 3. d4 cxd4 4. Nxd4 Nf6 5. Nc3 a6 6. Bc4 e6 7. Bb3 b5 8. Bg5
Be7 9. Qf3 Qc7 10. O-O-O Nbd7 11. Rhe1 Rb8 12. Qg3 Nc5 13. f4 b4 14. Bxf6 Bxf6
15. e5 dxe5 16. fxe5 bxc3 17. exf6 cxb2+ 18. Kb1 Qxg3 19. hxg3 Bd7 20. fxg7 Rg8
21. Kxb2 Rxg7 22. Nf5 Rg5 23. Nd6+ Ke7 24. Kc1 a5 25. Bc4 Rb6 26. Ne4 Nxe4 27.
Rxe4 Rxg3 28. Rh4 Rb4 29. Rdh1 Rxg2 30. Bd3 Rg1+ 31. Kd2 Rxh1 32. Rxh1 Ra4 33.
Ra1 Rh4 34. c4 Bc6 35. Kc3 Rh3 36. Kd4 e5+ 37. Kc5 Rxd3 38. Kxc6 e4 39. c5 e3
40. Kb6 f5 41. c6 Rc3 42. Rh1 f4 43. Rxh7+ Kf6 44. c7 e2 45. Rh6+ Kg7 46. Re6
f3 47. Kb7 f2 48. Rxe2 f1=Q 0-1

[Event "JUNIOR WORLD CHESS CHAMPIONSHI"]
[Site "Puerto Madryn, Argentina"]
[Date "2009.10.30"]
[Round "9.12"]
[White "Umudova, Nargiz"]
[Black "Colombo, Camila"]
[Result "1-0"]
[WhiteElo "2254"]
[BlackElo "2129"]
[PlyCount "94"]
[EventDate "2009.10.22"]

1. e4 e6 2. d3 d5 3. Nd2 Nf6 4. Ngf3 b6 5. c3 Ba6 6. Be2 c5 7. O-O Bb7 8. Qc2
Qc7 9. Re1 Be7 10. Bd1 Nc6 11. Nf1 h6 12. a3 dxe4 13. dxe4 O-O 14. e5 Nd7 15.
Qe2 Na5 16. Bf4 Bd5 17. Bc2 Rfd8 18. N3d2 Bg5 19. Bxg5 hxg5 20. Qh5 g6 21. Qxg5
Kg7 22. Ne3 Rh8 23. Rad1 Qd8 24. Qxd8 Raxd8 25. Nef1 Rh5 26. f4 c4 27. Ne3 Rhh8
28. Nxd5 exd5 29. e6 Nc5 30. exf7 Kxf7 31. Nf3 Nc6 32. g3 Kf6 33. h4 Ne7 34. g4
Rhe8 35. Kg2 Nc6 36. Kf2 Ne7 37. Nd4 Rd6 38. Re3 Red8 39. Rde1 R8d7 40. g5+ Kf7
41. Nf3 Nc6 42. Kg3 b5 43. Kg4 a5 44. h5 gxh5+ 45. Kxh5 Kg7 46. f5 a4 47. f6+
Kf8 1-0

[Event "JUNIOR WORLD CHESS CHAMPIONSHI"]
[Site "Puerto Madryn, Argentina"]
[Date "2009.10.30"]
[Round "9.15"]
[White "Fernandez, Maria Florencia"]
[Black "Martinez, Janine"]
[Result "1-0"]
[WhiteElo "2159"]
[BlackElo "1948"]
[PlyCount "49"]
[EventDate "2009.10.22"]

1. d4 Nf6 2. c4 c5 3. d5 e6 4. Nc3 exd5 5. cxd5 d6 6. e4 a6 7. a4 g6 8. f4 Bg7
9. Nf3 Bg4 10. Be2 Bxf3 11. Bxf3 O-O 12. O-O Nbd7 13. g4 h6 14. h4 Nh7 15. g5
f5 16. exf5 gxf5 17. Bh5 Kh8 18. Re1 Bd4+ 19. Kh2 hxg5 20. hxg5 Kg7 21. Ne2 Bf2
22. Rf1 Bh4 23. Qd3 Rh8 24. Qxf5 Nhf8 25. Qf7# 1-0

[Event "JUNIOR WORLD CHESS CHAMPIONSHI"]
[Site "Puerto Madryn, Argentina"]
[Date "2009.10.30"]
[Round "9.16"]
[White "Heredia Serrano, Carla"]
[Black "Anu, Bayar"]
[Result "0-1"]
[WhiteElo "2152"]
[BlackElo "1876"]
[PlyCount "51"]
[EventDate "2009.10.22"]

1. e4 e5 2. Nf3 Nc6 3. Bc4 Nf6 4. Ng5 d5 5. exd5 Na5 6. Bb5+ c6 7. dxc6 bxc6 8.
Bd3 h6 9. Ne4 Nd5 10. O-O Nf4 11. Re1 Be7 12. Bf1 Ne6 13. d3 O-O 14. Nbd2 c5
15. Nf3 Nc6 16. c3 Qc7 17. Qc2 Rd8 18. Bd2 Ba6 19. Rad1 Rd7 20. Bc1 Rad8 21.
Ng3 Bf8 22. Nf5 Nf4 23. d4 Bxf1 24. Kxf1 cxd4 25. cxd4 g6 26. Nxe5 {ilegible}
0-1

[Event "JUNIOR WORLD CHESS CHAMPIONSHI"]
[Site "Puerto Madryn, Argentina"]
[Date "2009.10.30"]
[Round "9.17"]
[White "Anton, Sarah"]
[Black "Olsarova, Tereza"]
[Result "0-1"]
[WhiteElo "1820"]
[BlackElo "2150"]
[PlyCount "74"]
[EventDate "2009.10.22"]

1. e4 c5 2. Nf3 Nc6 3. d4 cxd4 4. Nxd4 Nf6 5. Nc3 e5 6. Ndb5 d6 7. Bg5 a6 8.
Na3 b5 9. Nd5 Be7 10. Bxf6 Bxf6 11. c3 Bg5 12. Nc2 O-O 13. a4 bxa4 14. Rxa4 a5
15. Bc4 Rb8 16. b3 Kh8 17. O-O g6 18. Nce3 Bh6 19. Qc2 f5 20. f4 exf4 21. Nxf4
Qb6 22. Qd3 fxe4 23. Qxe4 Bf5 24. Qf3 Ne5 25. Qg3 Ng4 26. Rf3 Nxe3 27. Rxe3
Rbe8 28. Be6 Rxe6 29. Rd4 Rxe3 30. Qxe3 Bg7 31. Rd3 Qxe3+ 32. Rxe3 Bh6 33. g3
Kg8 34. c4 Bxf4 35. gxf4 Bc2 36. Re6 Bxb3 37. Rxd6 Bxc4 0-1

[Event "JUNIOR WORLD CHESS CHAMPIONSHI"]
[Site "Puerto Madryn, Argentina"]
[Date "2009.10.30"]
[Round "9.18"]
[White "Harini, Sankaran"]
[Black "Mendoza Velazquez, Lorena Alejand"]
[Result "1-0"]
[WhiteElo "2109"]
[BlackElo "1973"]
[PlyCount "49"]
[EventDate "2009.10.22"]

1. e4 c5 2. Nf3 d6 3. d4 cxd4 4. Nxd4 Nf6 5. Nc3 g6 6. Be3 Bg7 7. f3 O-O 8. Qd2
Nc6 9. Bc4 Bd7 10. O-O-O Rb8 11. Bb3 Ne5 12. h4 b5 13. Bh6 Nc4 14. Qg5 Na5 15.
h5 e5 16. hxg6 Nxb3+ 17. Nxb3 fxg6 18. Bxg7 Kxg7 19. Rxd6 Qe7 20. Qh6+ Kg8 21.
Rxf6 Rxf6 22. Nd5 Qf7 23. Nxf6+ Qxf6 24. Qxh7+ Kf8 25. Qh8+ 1-0

[Event "JUNIOR WORLD CHESS CHAMPIONSHI"]
[Site "Puerto Madryn, Argentina"]
[Date "2009.10.30"]
[Round "9.19"]
[White "Martinez De Negri, M  Agustina"]
[Black "Ferreira, Susana Carolina G"]
[Result "0-1"]
[WhiteElo "1945"]
[BlackElo "1660"]
[PlyCount "97"]
[EventDate "2009.10.22"]

1. e4 c5 2. Nf3 d6 3. d4 cxd4 4. Qxd4 Nc6 5. Bb5 Bd7 6. Bxc6 Bxc6 7. c4 Nf6 8.
Nc3 g6 9. O-O Bg7 10. Re1 O-O 11. Qd2 Rc8 12. Rb1 Qc7 13. b3 Rfe8 14. Nd5 Qd8
15. Nxf6+ Bxf6 16. Bb2 Bxb2 17. Rxb2 b5 18. Qh6 f6 19. Nd4 Qd7 20. f4 e5 21.
Nxc6 Qxc6 22. f5 gxf5 23. exf5 Rf8 24. Re3 Qb6 25. Rf2 Qb7 26. Rg3+ Kh8 27.
cxb5 Rf7 28. a4 d5 29. Rd3 d4 30. Qd2 Rg7 31. h3 Rcg8 32. g4 Qb6 33. Kh2 Qd6
34. Rg3 e4 35. Re2 h5 36. h4 hxg4 37. Rxe4 Rh7 38. Qxd4 Qxd4 39. Rxd4 Rxh4+ 40.
Kg2 Rg7 41. Rgd3 Rh5 42. Rf4 Kh7 43. Rd6 g3 44. Rd1 Rh2+ 45. Kf3 Rf2+ 46. Ke3
Rh2 47. Rff1 g2 48. Rg1 Rh3+ 49. Kd4 0-1

[Event "JUNIOR WORLD CHESS CHAMPIONSHI"]
[Site "Puerto Madryn, Argentina"]
[Date "2009.10.30"]
[Round "9.20"]
[White "Jorquera Cabello, Valentina"]
[Black "Motycakova, Monika"]
[Result "0-1"]
[WhiteElo "1997"]
[BlackElo "2038"]
[PlyCount "72"]
[EventDate "2009.10.22"]

1. e4 e5 2. Nf3 Nc6 3. Bb5 a6 4. Ba4 Nf6 5. O-O Be7 6. Re1 b5 7. Bb3 d6 8. h3
Na5 9. c3 Nxb3 10. Qxb3 Bb7 11. d3 c5 12. a4 Bc6 13. axb5 axb5 14. Rxa8 Qxa8
15. Bg5 O-O 16. Nbd2 h6 17. Bh4 Re8 18. Bxf6 Bxf6 19. Nf1 Rb8 20. Qc2 Qa2 21.
Ne3 g6 22. Ng4 Bg7 23. d4 h5 24. Ne3 exd4 25. cxd4 c4 26. Rd1 Re8 27. d5 Bd7
28. Nd4 Rc8 29. Qc3 Qa4 30. Qe1 Qa7 31. Nec2 Qc5 32. Qc3 Ra8 33. b4 cxb3 34.
Qxb3 b4 35. Ne2 Ba4 36. Qg3 Qxc2 0-1

[Event "JUNIOR WORLD CHESS CHAMPIONSHI"]
[Site "Puerto Madryn, Argentina"]
[Date "2009.10.30"]
[Round "9.21"]
[White "De Leon, Patricia"]
[Black "Hattingh, Angelique"]
[Result "1/2-1/2"]
[WhiteElo "1741"]
[BlackElo "1790"]
[PlyCount "38"]
[EventDate "2009.10.22"]

1. d4 d5 2. c4 dxc4 3. Nc3 e5 4. Nf3 exd4 5. Qxd4 Qxd4 6. Nxd4 c5 7. Ndb5 Na6
8. Bf4 Nf6 9. Nd6+ Bxd6 10. Bxd6 Be6 11. O-O-O Ng4 12. Bg3 O-O 13. h3 Nf6 14.
e3 Rfd8 15. a3 Rdc8 16. Be2 Nb8 17. Nb5 Ne4 18. Nd6 Nxg3 19. fxg3 Rf8 1/2-1/2

[Event "WORLD JUNIOR CHESS CHAMPIONSHIP"]
[Site "PUERTO MADRYN - ARGENTINA"]
[Date "2009.10.31"]
[Round "10"]
[White "PAULET, I. (ROU)."]
[Black "SOUMYA, S. (IND)."]
[Result "0-1"]
[WhiteElo "2342"]
[BlackElo "2297"]
[PlyCount "94"]
[EventDate "2009.??.??"]

1. e4 c5 2. Nf3 d6 3. d4 cxd4 4. Nxd4 Nf6 5. Nc3 a6 6. Bc4 e6 7. Bb3 b5 8. Bg5
Be7 9. Qf3 Qb6 10. O-O-O Nbd7 11. Rhe1 O-O 12. Qg3 Nc5 13. Bh6 Ne8 14. Bg5
Bxg5+ 15. Qxg5 Bd7 16. Re3 b4 17. Nce2 Qa5 18. Qh4 Nxb3+ 19. Nxb3 Qxa2 20. Rh3
h6 21. Ng3 f6 22. Nh5 Rf7 23. e5 fxe5 24. Rdd3 Rc8 25. Nxg7 e4 26. Rdf3 exf3
27. Nxe8 Bxe8 28. Qg4+ Kf8 29. Qxe6 fxg2 30. Qxd6+ Kg8 31. Rg3+ Rg7 32. Qd5+
Kh7 33. Qf5+ Bg6 34. Qxc8 Qa5 35. Rxg2 Qb5 36. Rg1 Qe5 37. Qg4 h5 38. Qg3 Qe4
39. Qd3 Qe5 40. Qe3 Qxh2 41. Rg5 Rf7 42. Kb1 Qxf2 43. Qc5 Qxc5 44. Nxc5 Rf5 45.
Rxf5 Bxf5 46. Nb3 h4 47. Nd4 Bg4 0-1

[Event "WORLD JUNIOR CHESS CHAMPIONSHIP"]
[Site "PUERTO MADRYN - ARGENTINA"]
[Date "2009.10.31"]
[Round "10"]
[White "SEVERIUKHINA, Z. (RUS)."]
[Black "CORI TELLO, D. (PER)."]
[Result "1-0"]
[WhiteElo "2339"]
[BlackElo "2361"]
[PlyCount "59"]
[EventDate "2009.??.??"]

1. e4 e6 2. d4 d5 3. Nd2 Nf6 4. e5 Nfd7 5. Bd3 c5 6. c3 Nc6 7. Ndf3 cxd4 8.
cxd4 f6 9. exf6 Nxf6 10. Nh3 Bd6 11. O-O O-O 12. Re1 Qc7 13. Nhg5 e5 14. dxe5
Nxe5 15. Bxh7+ Kh8 16. Nh4 Nxh7 17. Ng6+ Kg8 18. Qxd5+ Nf7 19. Nxh7 Rd8 20. Qh5
Qc2 21. Ng5 Nh6 22. Ne6 Bxe6 23. Rxe6 Qc4 24. Re1 Bb4 25. Bxh6 Bxe1 26. Ne7+
Kf8 27. Rxe1 Qf7 28. Ng6+ Kg8 29. Bg5 Qc7 30. Bxd8 1-0

[Event "WORLD JUNIOR CHESS CHAMPIONSHIP"]
[Site "PUERTO MADRYN - ARGNTINA"]
[Date "2009.10.31"]
[Round "10"]
[White "ZHANG, X. (CHN)."]
[Black "MIKADZE, M. (GEO)."]
[Result "1-0"]
[WhiteElo "2391"]
[BlackElo "2317"]
[PlyCount "83"]
[EventDate "2009.??.??"]

1. e4 d5 2. exd5 Qxd5 3. Nc3 Qa5 4. d4 Nf6 5. Nf3 Ne4 6. Bd3 Nxc3 7. bxc3 g6 8.
O-O Bg7 9. Bd2 O-O 10. c4 Qa4 11. Qe2 e6 12. Be4 Qd7 13. Rad1 Nc6 14. c3 b6 15.
Bf4 Rb8 16. d5 Na5 17. Ne5 Qe7 18. d6 cxd6 19. Nxg6 hxg6 20. Bxd6 Qxd6 21. Rxd6
Ba6 22. Rfd1 Bxc4 23. Qg4 Bxa2 24. Rd7 Bb3 25. Rb1 e5 26. Rxb3 Nxb3 27. Bd5 Nc5
28. Rxa7 Rbd8 29. c4 Rd6 30. h4 Rf6 31. h5 Ne6 32. g3 Re8 33. Rb7 Kf8 34. Rxb6
gxh5 35. Qxh5 e4 36. Bxe4 Rh6 37. Qg4 Bd4 38. Rd6 Rf6 39. Bf5 Be5 40. Rd7 Nd4
41. Bh7 Ne2+ 42. Kg2 1-0

[Event "WORLD JUNIOR CHESS CHAMPIONSHIP"]
[Site "PUERTO MADRYN - ARGENTINA"]
[Date "2009.10.31"]
[Round "10"]
[White "AMED, S. (ARG)."]
[Black "CONGIU, M. (FRA)."]
[Result "1/2-1/2"]
[WhiteElo "2159"]
[BlackElo "2149"]
[PlyCount "67"]
[EventDate "2009.??.??"]

1. e4 e5 2. Nf3 Nc6 3. Bc4 Nf6 4. d3 d5 5. exd5 Nxd5 6. O-O Bc5 7. Nbd2 O-O 8.
Ne4 Be7 9. Re1 Bg4 10. h3 Bh5 11. Ng3 Bg6 12. Nxe5 Nxe5 13. Rxe5 Nb6 14. Qg4
Re8 15. Bg5 Bxg5 16. Rxe8+ Qxe8 17. Qxg5 Nxc4 18. dxc4 Bxc2 19. Qd2 Bg6 20. Rd1
Qe7 21. Qd5 c6 22. Qd7 Qxd7 23. Rxd7 Rb8 24. f4 Bb1 25. a3 Kf8 26. c5 Ba2 27.
Rd4 Bb1 28. Kf2 Ke7 29. Rd1 Bc2 30. Rd2 Bb1 31. Nh5 Bg6 32. Ng3 Bb1 33. Nh5 Bg6
34. Ng3 1/2-1/2

[Event "WORLD JUNIOR CHESS CHAMPIONSHIP"]
[Site "PUERTO MADRYN - ARGENTINA"]
[Date "2009.10.31"]
[Round "10"]
[White "OLSAROVA, T. (CZE)."]
[Black "STEIL-ANTONI, F. (LUX)."]
[Result "1-0"]
[WhiteElo "2150"]
[BlackElo "2152"]
[PlyCount "25"]
[EventDate "2009.??.??"]

1. e4 e5 2. Nf3 Nc6 3. Bb5 Nd4 4. Nxd4 exd4 5. O-O Bc5 6. d3 c6 7. Ba4 d6 8. f4
f5 9. Kh1 Nf6 10. Bb3 fxe4 11. dxe4 Ng4 12. Qe2 Nxh2 13. Qh5+ 1-0

[Event "JUNIOR WORLD CHESS CHAMPIONSHI"]
[Site "Puerto Madryn, Argentina"]
[Date "2009.10.31"]
[Round "10.6"]
[White "Kiran, Manisha Mohanty"]
[Black "Kalinina, Olga"]
[Result "1-0"]
[WhiteElo "2153"]
[BlackElo "2229"]
[PlyCount "81"]
[EventDate "2009.10.22"]

1. e4 c5 2. Nf3 e6 3. d4 cxd4 4. Nxd4 a6 5. Bd3 Qc7 6. Qe2 d6 7. c4 g6 8. O-O
Bg7 9. Nf3 Nc6 10. Rd1 Nf6 11. Nc3 O-O 12. h3 Nd7 13. Be3 f5 14. Ng5 Nf6 15. c5
h6 16. cxd6 Qxd6 17. Nf3 Qc7 18. exf5 exf5 19. Na4 Bd7 20. Bb6 Qf4 21. Bc4+ Kh8
22. Be3 Qc7 23. Bb6 Qf4 24. Be3 Qc7 25. Nb6 Rae8 26. Nxd7 Nxd7 27. Qd2 Nde5 28.
Nxe5 Nxe5 29. Bd5 g5 30. Rac1 Qb8 31. f4 gxf4 32. Bxf4 Qd6 33. Qf2 Rd8 34. Kh1
Qg6 35. Rc7 Qh5 36. Rd2 Rd6 37. Rxg7 Ng4 38. Rxg4 fxg4 39. Be5+ Rdf6 40. Bxf6+
Kh7 41. Be4+ 1-0

[Event "JUNIOR WORLD CHESS CHAMPIONSHI"]
[Site "Puerto Madryn, Argentina"]
[Date "2009.10.31"]
[Round "10.10"]
[White "Paikidze, Nazi"]
[Black "Ivakhinova, Inna"]
[Result "0-1"]
[WhiteElo "2279"]
[BlackElo "2249"]
[PlyCount "60"]
[EventDate "2009.10.22"]

1. e4 c5 2. Nf3 d6 3. d4 cxd4 4. Nxd4 Nf6 5. Nc3 a6 6. Bg5 e6 7. f4 Nbd7 8. Qf3
Qc7 9. O-O-O b5 10. Bd3 Bb7 11. Rhe1 Qb6 12. Nb3 b4 13. Na4 Qc7 14. Bxf6 gxf6
15. Nd4 Nc5 16. Nxc5 dxc5 17. Nxe6 fxe6 18. Bc4 h5 19. Bxe6 Bd6 20. Qh3 Bxf4+
21. Kb1 Rd8 22. Qf5 Ke7 23. Bc4 Rd6 24. Qg6 Rf8 25. Qf5 Bc8 26. Qh7+ Kd8 27.
Qxh5 Bb7 28. Qg4 Be5 29. h4 Qh7 30. Qe2 Rd4 {ilegible} 0-1

[Event "JUNIOR WORLD CHESS CHAMPIONSHI"]
[Site "Puerto Madryn, Argentina"]
[Date "2009.10.31"]
[Round "10.14"]
[White "Anu, Bayar"]
[Black "Fernandez, Maria Florencia"]
[Result "0-1"]
[WhiteElo "1876"]
[BlackElo "2159"]
[PlyCount "81"]
[EventDate "2009.10.22"]

1. d4 Nf6 2. c4 g6 3. d5 d6 4. Nc3 Bg7 5. g3 O-O 6. Bg2 e5 7. Nf3 h6 8. e4 Ne8
9. Bd2 f5 10. exf5 gxf5 11. O-O Nd7 12. b4 e4 13. Ne1 a5 14. b5 Nb6 15. Qe2 Na4
16. Rc1 Nxc3 17. Bxc3 Bxc3 18. Rxc3 Qf6 19. Re3 Ng7 20. f3 exf3 21. Rexf3 Bd7
22. Bh3 Qd4+ 23. Kh1 Rae8 24. Qd3 Re4 25. Qxd4 Rxd4 26. Rf4 Rxf4 27. Rxf4 Re8
28. Nd3 Re3 29. Bf1 Nh5 30. Rf2 Nf6 31. Kg2 Ng4 32. Rf4 Re4 33. Rxe4 fxe4 34.
Ne1 Kg7 35. Be2 Kf6 36. Bxg4 Bxg4 37. Kf2 Ke5 38. Ke3 a4 39. a3 Bh3 40. Nc2 Bf1
41. g4 {ilegible} 0-1

[Event "JUNIOR WORLD CHESS CHAMPIONSHI"]
[Site "Puerto Madryn, Argentina"]
[Date "2009.10.31"]
[Round "10.15"]
[White "Motycakova, Monika"]
[Black "Colombo, Camila"]
[Result "1/2-1/2"]
[WhiteElo "2038"]
[BlackElo "2129"]
[PlyCount "49"]
[EventDate "2009.10.22"]

1. e4 e6 2. d4 d5 3. Nd2 Nf6 4. e5 Nfd7 5. Bd3 c5 6. c3 Nc6 7. Ne2 cxd4 8. cxd4
f6 9. exf6 Nxf6 10. O-O Bd6 11. Nf3 Qc7 12. Bg5 O-O 13. Bh4 Nh5 14. Qc2 Rxf3
15. Bxh7+ Kh8 16. gxf3 g5 17. Bg6 Nf4 18. Nxf4 Bxf4 19. Bg3 Qg7 20. Kh1 Nxd4
21. Qc3 e5 22. Bxf4 gxf4 23. Rae1 Bh3 24. Rg1 Rg8 25. Rg5 1/2-1/2